000 00316nam a2200121Ia 4500
008 151001s9999||||xx |||||||||||||| ||und||
100 _a शेखर
245 _aविलक्षण गौडबंगाल
250 _a1
260 _bकूटकथा प्रकाशन
300 _a96
365 _b7
999 _c949429
_d949426